[Event "7. Lovsprings EMT Basis 3 1995"]
[Site "Ringsted"]
[Date "1995.05.19"]
[Round "7"]
[White "Larsen, Ole"]
[Black "Svava, Mogens"]
[Result "1-0"]
[WhiteElo "1387"]
[BlackElo "1518"]
[PlyCount "37"]
[EventDate "1995.??.??"]

1. d4 d5 2. c4 c6 3. Nc3 Nf6 4. Nf3 g6 5. Bf4 Nh5 6. Bxb8 Rxb8 7. cxd5 a6 8.
dxc6 bxc6 9. Qa4 Rb6 10. d5 Bb7 11. Ne5 Qd6 12. Nc4 Qc7 13. Nxb6 Qxb6 14. b3
Bg7 15. Rc1 O-O 16. dxc6 Bxc6 17. Qc4 Qb7 18. f3 Rc8 19. Na4 1-0

[Event "7. Lovsprings EMT Basis 3 1995"]
[Site "Ringsted"]
[Date "1995.05.19"]
[Round "7"]
[White "Lassur, Benjamin"]
[Black "Hansen, Ole"]
[Result "1/2-1/2"]
[WhiteElo "1364"]
[BlackElo "1457"]
[PlyCount "55"]
[EventDate "1995.??.??"]

1. e4 d5 2. exd5 Qxd5 3. Qf3 Qa5 4. Nc3 Nf6 5. Bc4 c6 6. d3 Bg4 7. Qf4 e5 8.
Qg3 Nbd7 9. Bd2 Qc7 10. h3 Bh5 11. Nf3 h6 12. O-O g5 13. d4 Bxf3 14. gxf3 Bd6
15. Rfe1 O-O-O 16. d5 e4 17. Qg2 exf3 18. Qxf3 c5 19. Nb5 Qb6 20. a4 Be5 21. a5
Qa6 22. Ra2 Rhg8 23. Na3 Qd6 24. Nb5 Qb8 25. a6 g4 26. axb7+ Qxb7 27. Qa3 gxh3+
28. Kh1 1/2-1/2

[Event "7. Lovsprings EMT Basis 3 1995"]
[Site "Ringsted"]
[Date "1995.05.19"]
[Round "7"]
[White "Paustian, Dennis"]
[Black "Andersen, Kim"]
[Result "1/2-1/2"]
[WhiteElo "1526"]
[BlackElo "1331"]
[PlyCount "32"]
[EventDate "1995.??.??"]

1. e4 e6 2. d4 d5 3. exd5 exd5 4. Bd3 Bd6 5. Nf3 Ne7 6. Bg5 f6 7. Be3 Nf5 8.
O-O Nxe3 9. fxe3 O-O 10. e4 dxe4 11. Bxe4 c6 12. c4 Bg4 13. Qc2 f5 14. Bd3 Bxf3
15. Rxf3 g6 16. Nc3 Qh4 1/2-1/2

[Event "7. Lovsprings EMT Basis 3 1995"]
[Site "Ringsted"]
[Date "1995.05.19"]
[Round "7"]
[White "Petersen, Torben William"]
[Black "Krag Jacobsen, Alan"]
[Result "1/2-1/2"]
[WhiteElo "1305"]
[BlackElo "1247"]
[PlyCount "117"]
[EventDate "1995.??.??"]

1. d4 d5 2. Nf3 e6 3. e3 Nf6 4. Bd3 Nbd7 5. Nbd2 Bd6 6. Qe2 c6 7. O-O Qc7 8. e4
dxe4 9. Nxe4 Nxe4 10. Qxe4 Nf6 11. Qh4 h6 12. Bg5 Be7 13. Ne5 Bd7 14. Rfe1 Rf8
15. Bxf6 Bxf6 16. Qh5 Bxe5 17. Rxe5 Qb6 18. c3 Qxb2 19. Rb1 Qxc3 20. Re3 b6 21.
Bf5 Qc4 22. Rbe1 O-O-O 23. Bd3 Qxa2 24. R3e2 Qd5 25. Ba6+ Kc7 26. Re5 Qxd4 27.
R5e4 Qb2 28. Qf3 Ra8 29. Qg3+ Kd8 30. Re5 g5 31. R5e2 Qd4 32. Bb7 Ke7 33. Bxa8
Rxa8 34. Re3 Qf4 35. Qh3 Qf6 36. Rd1 Rd8 37. Qg3 Qf4 38. Qh3 Qf6 39. Qh5 Qg7
40. Qg4 f5 41. Qe2 f4 42. Red3 Ke8 43. Rxd7 Rxd7 44. Qxe6+ Kd8 45. Rxd7+ Qxd7
46. Qf6+ Kc8 47. h3 a5 48. Qxh6 Qe7 49. Qxc6+ Qc7 50. Qa8+ Qb8 51. Qc6+ Qc7 52.
Qe6+ Kb7 53. Qd5+ Qc6 54. Qxg5 Qc1+ 55. Kh2 a4 56. Qd5+ Qc6 57. Qf7+ Qc7 58.
Qd5+ Qc6 59. Qf7+ 1/2-1/2

[Event "7. Lovsprings EMT Basis 4 1995"]
[Site "Ringsted"]
[Date "1995.03.10"]
[Round "1"]
[White "Laugesen, Kristian"]
[Black "Johansen, Bjarne"]
[Result "1-0"]
[WhiteElo "1000"]
[BlackElo "1100"]
[PlyCount "47"]
[EventDate "1995.??.??"]

1. e4 e5 2. Nf3 Nc6 3. Bc4 h6 4. c3 d6 5. d4 Bg4 6. Qb3 Qe7 7. Qxb7 Rd8 8.
Qxc6+ Qd7 9. Qxd7+ Bxd7 10. dxe5 Ne7 11. Be3 Nc6 12. exd6 Bxd6 13. Nd4 Ne5 14.
Nd2 Rb8 15. Rb1 c5 16. N4f3 Ng4 17. h3 Nf6 18. O-O g5 19. e5 Bc7 20. exf6 g4
21. hxg4 Rg8 22. Rfe1 Kd8 23. Bxh6 Bxg4 24. Bg5 1-0

[Event "7. Lovsprings EMT Basis 4 1995"]
[Site "Ringsted"]
[Date "1995.03.17"]
[Round "2"]
[White "Abdi, Farhad"]
[Black "Lind, Steffen"]
[Result "0-1"]
[WhiteElo "1100"]
[BlackElo "1000"]
[PlyCount "94"]
[EventDate "1995.??.??"]

1. e4 d5 2. Nc3 dxe4 3. Nxe4 Nf6 4. Bd3 e5 5. Nf3 Nc6 6. a3 Bf5 7. O-O Bxe4 8.
Bxe4 Nxe4 9. Re1 Nf6 10. Nxe5 Nxe5 11. Rxe5+ Be7 12. d4 O-O 13. Bg5 Bd6 14. Rf5
Be7 15. c3 h6 16. Bf4 c6 17. Qf3 Bd6 18. Rd1 Bxf4 19. Rxf4 Re8 20. g3 Qd5 21.
Qxd5 cxd5 22. Kg2 g6 23. Rxf6 Rad8 24. b3 Kg7 25. Rf3 Rc8 26. Rc1 b5 27. Re3
Re6 28. Rxe6 fxe6 29. Kf3 g5 30. Ke3 Kf6 31. f3 a5 32. Rf1 Rxc3+ 33. Kd2 Rxb3
34. f4 g4 35. f5 exf5 36. Ra1 Rb2+ 37. Kc3 Rxh2 38. a4 bxa4 39. Rxa4 Rg2 40.
Rxa5 Rxg3+ 41. Kb4 f4 42. Ra6+ Kg5 43. Kc5 f3 44. Ra2 Rg2 45. Ra1 f2 46. Rf1 g3
47. Kxd5 Rg1 0-1

[Event "7. Lovsprings EMT Basis 4 1995"]
[Site "Ringsted"]
[Date "1995.03.17"]
[Round "2"]
[White "Christensen, Knud"]
[Black "Andersen, Jorgen"]
[Result "0-1"]
[WhiteElo "1142"]
[BlackElo "1151"]
[PlyCount "66"]
[EventDate "1995.??.??"]

1. e4 e5 2. Nf3 d6 3. Nc3 Nf6 4. h3 a6 5. Bc4 Be7 6. d4 exd4 7. Nxd4 Bd7 8. O-O
Nc6 9. Be3 Ne5 10. Bb3 O-O 11. f3 c5 12. Nf5 Bc6 13. Nd5 Bxd5 14. Bxd5 Qc7 15.
Bg5 Ng6 16. Bxf6 Bxf6 17. Nxd6 Bd4+ 18. Kh1 Qxd6 19. c3 Be5 20. Bxb7 Rad8 21.
Bd5 Nf4 22. Bc4 Qg6 23. Qc2 Rd6 24. Rfd1 Rfd8 25. Rxd6 Rxd6 26. Bf1 h6 27. Rd1
Kh7 28. Rxd6 Qxd6 29. c4 Nh5 30. Kg1 Bd4+ 31. Kh1 Ng3+ 32. Kh2 Nxf1+ 33. Kh1
Qh2# 0-1

[Event "7. Lovsprings EMT Basis 4 1995"]
[Site "Ringsted"]
[Date "1995.03.17"]
[Round "2"]
[White "Vilsgaard, Lars"]
[Black "Nilsson, Jonas Gosta"]
[Result "0-1"]
[WhiteElo "1116"]
[BlackElo "1067"]
[PlyCount "88"]
[EventDate "1995.??.??"]

1. e4 e5 2. Nf3 Nc6 3. Bc4 Bc5 4. O-O Nf6 5. d3 d6 6. h3 Be6 7. Bb5 O-O 8. Bxc6
bxc6 9. Bg5 h6 10. Bd2 Qd7 11. Nc3 Rab8 12. b3 Qe7 13. Qc1 Kh7 14. Na4 Bb6 15.
Nxb6 cxb6 16. Re1 Nd7 17. Bc3 c5 18. Qe3 Rbe8 19. Rad1 Kh8 20. Bb2 f6 21. c4
Qf7 22. Nh2 f5 23. Rf1 f4 24. Qf3 Nf6 25. Bc3 Qh5 26. Qxh5 Nxh5 27. f3 Ng3 28.
Rf2 h5 29. Nf1 h4 30. Nxg3 hxg3 31. Re2 g5 32. b4 Rb8 33. Rb2 Rfe8 34. Kf1 Bd7
35. Ke2 Kg7 36. Rh1 Rh8 37. b5 g4 38. fxg4 Bxg4+ 39. Ke1 Rbf8 40. h4 f3 41. a3
Kg6 42. a4 Kh5 43. a5 fxg2 44. Rg1 Bh3 0-1

[Event "7. Lovsprings EMT Basis 4 1995"]
[Site "Ringsted"]
[Date "1995.03.24"]
[Round "3"]
[White "Abdi, Farhad"]
[Black "Nielsen, Poul"]
[Result "0-1"]
[WhiteElo "1100"]
[BlackElo "1164"]
[PlyCount "58"]
[EventDate "1995.??.??"]

1. e4 e5 2. Nf3 Nc6 3. Bb5 Bc5 4. c3 Nf6 5. Bxc6 dxc6 6. d4 exd4 7. cxd4 Nxe4
8. Nc3 Bb4 9. Bd2 Qe7 10. O-O Bxc3 11. Bxc3 Be6 12. Re1 f5 13. Nd2 Nxd2 14.
Qxd2 O-O-O 15. Bb4 Qf6 16. Bc3 Qg6 17. Qe3 Rhe8 18. Qh3 f4 19. Qh4 Rf8 20. Re5
Rd5 21. Rae1 Rxe5 22. dxe5 Bd5 23. f3 Bxa2 24. Ra1 Bc4 25. Rxa7 Qb1+ 26. Be1
Kb8 27. Qf2 Rd8 28. h3 Rd1 29. g3 Rxe1+ 0-1

[Event "7. Lovsprings EMT Basis 4 1995"]
[Site "Ringsted"]
[Date "1995.03.24"]
[Round "3"]
[White "Johansen, Bjarne"]
[Black "Schmidt, Hans Christian"]
[Result "1/2-1/2"]
[WhiteElo "1100"]
[BlackElo "1034"]
[PlyCount "69"]
[EventDate "1995.??.??"]

1. e4 c6 2. c3 d5 3. e5 d4 4. Nf3 dxc3 5. Nxc3 Bf5 6. Bc4 e6 7. O-O Bd3 8. Bxd3
Qxd3 9. Re1 Bc5 10. Qb3 b6 11. Qa4 Qa6 12. Qg4 g6 13. d4 Bf8 14. Ng5 h5 15. Qf4
Qb7 16. Nce4 Qd7 17. Nd6+ Bxd6 18. exd6 Nh6 19. Qf6 Rg8 20. Ne4 Nf5 21. Qe5 Qd8
22. Nf6+ Kf8 23. Bg5 Qxd6 24. Nh7+ Ke8 25. Nf6+ Kf8 26. Qxd6+ Nxd6 27. Bh6+ Rg7
28. d5 cxd5 29. Rac1 Na6 30. Nd7+ Kg8 31. Nf6+ Kh8 32. Bxg7+ Kxg7 33. Nd7 Rd8
34. Ne5 Nc5 35. Nc6 1/2-1/2

[Event "7. Lovsprings EMT Basis 4 1995"]
[Site "Ringsted"]
[Date "1995.03.24"]
[Round "3"]
[White "Nilsson, Jonas Gosta"]
[Black "Lind, Steffen"]
[Result "1-0"]
[WhiteElo "1067"]
[BlackElo "1000"]
[PlyCount "91"]
[EventDate "1995.??.??"]

1. e4 d5 2. exd5 Qxd5 3. Nc3 Qa5 4. d4 Nf6 5. Bd2 c6 6. Nf3 Bf5 7. Bc4 e6 8. a3
Be7 9. Nd5 Qd8 10. Nxe7 Qxe7 11. O-O O-O 12. Bb4 Qd8 13. Bxf8 Kxf8 14. c3 Nbd7
15. h3 Nb6 16. Bb3 Nbd5 17. a4 Qb6 18. a5 Qc7 19. Ne5 Rd8 20. f4 h6 21. Re1
Nxf4 22. Bc2 Bxc2 23. Qxc2 N4d5 24. b4 a6 25. Nd3 Qd6 26. Nc5 Rb8 27. Qd2 Qg3
28. c4 Nf4 29. Kh1 Qg5 30. Rf1 N6h5 31. Rxf4 Qxf4 32. Qxf4 Nxf4 33. Nd7+ Ke7
34. Nxb8 Kd6 35. Nxa6 bxa6 36. b5 cxb5 37. cxb5 Kc7 38. b6+ Kb7 39. Rc1 Nd5 40.
Rf1 f6 41. Re1 Nf4 42. Kh2 e5 43. dxe5 fxe5 44. Rxe5 Nd3 45. Re7+ Kb8 46. Rxg7
1-0

[Event "7. Lovsprings EMT Basis 4 1995"]
[Site "Ringsted"]
[Date "1995.03.24"]
[Round "3"]
[White "Olesen, Michael"]
[Black "Astrup, Knud"]
[Result "0-1"]
[WhiteElo "1038"]
[BlackElo "1188"]
[PlyCount "86"]
[EventDate "1995.??.??"]

1. e4 e6 2. d4 d5 3. e5 c5 4. Nf3 Qb6 5. Bd3 Nc6 6. c3 Bd7 7. O-O cxd4 8. cxd4
Nxd4 9. Nxd4 Qxd4 10. Re1 Qb6 11. Nc3 Ne7 12. Rb1 Qc7 13. Qb3 a6 14. Bf4 Nc6
15. Rbc1 Rc8 16. Ne2 Qb8 17. Qd1 Nxe5 18. Bxe5 Qxe5 19. Rxc8+ Bxc8 20. Qc2 Bd7
21. f4 Qe3+ 22. Kh1 g6 23. Qc3 Rg8 24. Bc2 Qxc3 25. Nxc3 Bb4 26. Re3 Bxc3 27.
Rxc3 Bc6 28. Bd3 Kd7 29. Kg1 f6 30. Kf2 e5 31. fxe5 fxe5 32. Be2 Rf8+ 33. Rf3
Rxf3+ 34. Bxf3 Kd6 35. Ke2 d4 36. Bxc6 Kxc6 37. Kf3 Kd5 38. g4 g5 39. b4 e4+
40. Ke2 Kc4 41. a3 Kc3 42. Kd1 d3 43. Kc1 e3 0-1

[Event "7. Lovsprings EMT Basis 4 1995"]
[Site "Ringsted"]
[Date "1995.03.24"]
[Round "3"]
[White "Pettersson, Paul"]
[Black "Laugesen, Kristian"]
[Result "0-1"]
[WhiteElo "1166"]
[BlackElo "1000"]
[PlyCount "62"]
[EventDate "1995.??.??"]

1. d4 d5 2. c4 dxc4 3. Qa4+ Nc6 4. e3 e6 5. Bxc4 Nf6 6. a3 a6 7. Nf3 Bd7 8. Qc2
Na5 9. Ba2 b6 10. Nc3 c5 11. Bd2 cxd4 12. exd4 b5 13. b4 Nb7 14. O-O Bd6 15.
Rfe1 O-O 16. Bb1 g6 17. Bg5 Be7 18. Bh6 Re8 19. Ne5 Qc7 20. h4 Rac8 21. Re3 Nd6
22. Ba2 Nf5 23. Rc1 Nxd4 24. Qd2 Nf5 25. Rd3 Nxh6 26. Nxd7 Nf5 27. Nxf6+ Bxf6
28. Ne2 Qb7 29. Rc5 Rxc5 30. bxc5 Nxh4 31. f3 Qc7 0-1

[Event "7. Lovsprings EMT Basis 4 1995"]
[Site "Ringsted"]
[Date "1995.03.24"]
[Round "3"]
[White "Skytt, Soren"]
[Black "Henriksen, Mikkel"]
[Result "0-1"]
[WhiteElo "1000"]
[BlackElo "1102"]
[PlyCount "64"]
[EventDate "1995.??.??"]

1. d4 Nf6 2. Nf3 g6 3. Bf4 Bg7 4. Nc3 d6 5. e3 O-O 6. Bc4 d5 7. Bb3 Kh8 8. O-O
Ng8 9. Nxd5 Na6 10. Re1 e6 11. Nc3 f6 12. Nd2 g5 13. Bg3 e5 14. d5 f5 15. Qh5
h6 16. Qd1 f4 17. exf4 exf4 18. Bxf4 Rxf4 19. Nde4 Nb4 20. g3 Rf5 21. a3 Bxc3
22. bxc3 Nxd5 23. Qd4+ Kh7 24. Nd2 c6 25. Re2 Qf6 26. Qxf6 Ngxf6 27. Bxd5 Nxd5
28. Rae1 Rf7 29. Ne4 Re7 30. Nf6+ Kg6 31. Rxe7 Nxe7 32. Re6 Bxe6 0-1

[Event "7. Lovsprings EMT Basis 4 1995"]
[Site "Ringsted"]
[Date "1995.03.24"]
[Round "3"]
[White "Vilsgaard, Lars"]
[Black "Madsen, Kjeld"]
[Result "1-0"]
[WhiteElo "1116"]
[BlackElo "1170"]
[PlyCount "127"]
[EventDate "1995.??.??"]

1. e4 e5 2. Nf3 Nc6 3. Bc4 d6 4. O-O h6 5. d3 Be7 6. Nc3 Nf6 7. Bb5 O-O 8. Bxc6
bxc6 9. h3 c5 10. Be3 Bb7 11. Re1 c6 12. Bd2 Qc7 13. a3 Nd7 14. Qe2 f5 15. exf5
Rxf5 16. Rad1 Raf8 17. Rf1 d5 18. Rde1 Ba6 19. Qd1 c4 20. d4 e4 21. Nh2 c5 22.
g4 R5f7 23. Nxd5 Qd6 24. Nxe7+ Qxe7 25. Bc3 Nb6 26. dxc5 Qxc5 27. Bb4 Qe5 28.
Bxf8 c3 29. Bd6 Qe6 30. Bc5 Bxf1 31. Nxf1 cxb2 32. Bxb6 Qxb6 33. Ne3 a5 34. Qb1
Qd4 35. Rd1 Qf6 36. Rd2 h5 37. Nc4 hxg4 38. Qxb2 Qh4 39. Qb8+ Rf8 40. Qg3 Qxg3+
41. fxg3 Rf3 42. hxg4 Rxg3+ 43. Kf2 Rxg4 44. Nxa5 Rf4+ 45. Ke3 Rf3+ 46. Kxe4
Rxa3 47. Nc6 Rc3 48. Kd5 g6 49. Ne5 Kh7 50. Kd4 Rc8 51. Ke4 Kh6 52. Rh2+ Kg7
53. c4 Kf6 54. Rh6 Rxc4+ 55. Nxc4 Kg5 56. Rh1 Kg4 57. Rg1+ Kh5 58. Kf4 Kh6 59.
Ne5 g5+ 60. Rxg5 Kh7 61. Kf5 Kh6 62. Rg1 Kh7 63. Kf6 Kh6 64. Rh1# 1-0

[Event "7. Lovsprings EMT Basis 4 1995"]
[Site "Ringsted"]
[Date "1995.03.31"]
[Round "4"]
[White "Abdi, Farhad"]
[Black "Nikolajsen, Martin"]
[Result "0-1"]
[WhiteElo "1100"]
[BlackElo "1098"]
[PlyCount "68"]
[EventDate "1995.??.??"]

1. d4 d5 2. Nf3 Bg4 3. e3 e6 4. Be2 Nd7 5. Bd2 Ngf6 6. h3 Bxf3 7. Bxf3 c6 8.
Nc3 Bb4 9. e4 Bxc3 10. Bxc3 Nxe4 11. Bxe4 dxe4 12. O-O Nf6 13. Bd2 Qxd4 14. c3
Qd5 15. Re1 O-O-O 16. Bg5 Qxg5 17. Qa4 Kb8 18. Rad1 Qb5 19. Qa3 Qb6 20. Rd6
Rxd6 21. Qxd6+ Qc7 22. Rd1 Qxd6 23. Rxd6 Kc7 24. Rd4 Rd8 25. Rxd8 Kxd8 26. Kf1
Kd7 27. Ke2 Kd6 28. Ke3 Kd5 29. Kd2 a5 30. Kc2 b5 31. a3 Nh5 32. Kb3 Nf4 33. a4
Nd3 34. axb5 cxb5 0-1

[Event "7. Lovsprings EMT Basis 4 1995"]
[Site "Ringsted"]
[Date "1995.03.31"]
[Round "4"]
[White "Andersen, Jorgen"]
[Black "Pettersson, Paul"]
[Result "1-0"]
[WhiteElo "1151"]
[BlackElo "1166"]
[PlyCount "109"]
[EventDate "1995.??.??"]

1. e4 d6 2. Bc4 Nf6 3. d3 c6 4. Nf3 Bg4 5. Nbd2 a5 6. O-O b5 7. Bxf7+ Kd7 8. a3
Qc7 9. Ba2 Kd8 10. Qe1 Nbd7 11. Ng5 Ke8 12. Bf7+ Kd8 13. Be6 Bh5 14. Bf7 Bxf7
15. Nxf7+ Ke8 16. Nxh8 g6 17. Nf3 Bg7 18. Nxg6 hxg6 19. Ng5 Nf8 20. Bf4 e5 21.
Bd2 a4 22. f4 Qe7 23. f5 Kd7 24. fxg6 Nxg6 25. Qf2 Rf8 26. Qf5+ Ke8 27. Qc8+
Qd8 28. Qxd8+ Kxd8 29. Ne6+ Ke7 30. Nxg7 Kf7 31. Nh5 Ke6 32. Bg5 Nxh5 33. Rxf8
Nxf8 34. Rf1 Ng6 35. g3 d5 36. Kg2 Ne7 37. Kh3 Ng8 38. b4 dxe4 39. dxe4 Nhf6
40. Bxf6 Nxf6 41. Rxf6+ Kxf6 42. g4 Kg5 43. c3 Kh6 44. Kh4 Kg6 45. Kg3 Kh6 46.
Kh4 Kg6 47. g5 Kh7 48. Kg4 Kg6 49. h4 Kf7 50. Kf5 Kg7 51. h5 Kf7 52. Kxe5 Kg7
53. Kf5 c5 54. bxc5 b4 55. cxb4 1-0

[Event "7. Lovsprings EMT Basis 4 1995"]
[Site "Ringsted"]
[Date "1995.03.31"]
[Round "4"]
[White "Henriksen, Mikkel"]
[Black "Madsen, Kjeld"]
[Result "1/2-1/2"]
[WhiteElo "1102"]
[BlackElo "1170"]
[PlyCount "52"]
[EventDate "1995.??.??"]

1. e4 e5 2. d4 Nc6 3. Nf3 exd4 4. Nxd4 Bc5 5. Nxc6 bxc6 6. Bc4 d6 7. O-O Nf6 8.
Bg5 h6 9. Bxf6 Qxf6 10. Nc3 O-O 11. Na4 Bd4 12. c3 Be5 13. Qd2 Bf4 14. Qd3 Be6
15. g3 Bxc4 16. Qxc4 d5 17. exd5 cxd5 18. Qxd5 Bd6 19. Nc5 Bxc5 20. Qxc5 Qb6
21. Qxb6 axb6 22. b4 Ra3 23. c4 Rd8 24. f4 Rdd3 25. Rfd1 Rdc3 26. Rd4 f6
1/2-1/2

[Event "7. Lovsprings EMT Basis 4 1995"]
[Site "Ringsted"]
[Date "1995.03.31"]
[Round "4"]
[White "Johansen, Bjarne"]
[Black "Astrup, Knud"]
[Result "0-1"]
[WhiteElo "1100"]
[BlackElo "1188"]
[PlyCount "90"]
[EventDate "1995.??.??"]

1. e3 e5 2. c4 c6 3. Nf3 e4 4. Nd4 d5 5. Qc2 Nf6 6. Nc3 Bc5 7. Nb3 Be7 8. d4
O-O 9. Bd2 Be6 10. c5 b6 11. O-O-O Nbd7 12. Na4 Qc7 13. a3 Ng4 14. Bc3 Nxh2 15.
g3 Nxf1 16. Rdxf1 f5 17. Bd2 Qb8 18. cxb6 axb6 19. Kb1 Rc8 20. Nc3 c5 21. Qd1
c4 22. Na1 Qb7 23. Nc2 Nb8 24. Qh5 h6 25. Qg6 Bf7 26. Qxf5 Qd7 27. Qxd7 Nxd7
28. Na2 Be8 29. Bb4 Bxb4 30. Naxb4 Nf6 31. Rc1 Bb5 32. Ne1 Ra7 33. Ng2 Be8 34.
Nf4 Bf7 35. Ka2 Kh7 36. Rh4 g5 37. Nbxd5 Nxd5 38. Rxh6+ Kxh6 39. Ne2 Kg6 40.
Kb1 Rac7 41. Rc2 b5 42. b3 cxb3 43. Rxc7 Rxc7 44. Kb2 Nb6 45. Nc3 Na4+ 0-1

[Event "7. Lovsprings EMT Basis 4 1995"]
[Site "Ringsted"]
[Date "1995.03.31"]
[Round "4"]
[White "Nielsen, Poul"]
[Black "Lind, Steffen"]
[Result "0-1"]
[WhiteElo "1164"]
[BlackElo "1000"]
[PlyCount "74"]
[EventDate "1995.??.??"]

1. d4 d5 2. g3 Nc6 3. Bg2 Nf6 4. Nc3 Bf5 5. a3 e6 6. e3 Bd6 7. Nge2 O-O 8. O-O
Re8 9. Re1 a6 10. b4 b5 11. Bb2 Rb8 12. Qd2 a5 13. Na2 a4 14. Rac1 Qd7 15. Nec3
Be7 16. Re2 Na7 17. f3 c6 18. Rce1 Bg6 19. e4 dxe4 20. Nxe4 Nd5 21. Nac3 Nc8
22. Nxd5 cxd5 23. Ng5 Nd6 24. f4 h6 25. Nxe6 fxe6 26. Rxe6 Bf5 27. Bxd5 Kh8 28.
R6e3 Bf6 29. Rxe8+ Rxe8 30. Rc1 Ne4 31. Bxe4 Rxe4 32. c3 Qd5 33. Qg2 Qc4 34.
Rf1 Re2 35. Qa8+ Kh7 36. Ba1 Be4 37. Qe8 Rg2+ 0-1

[Event "7. Lovsprings EMT Basis 4 1995"]
[Site "Ringsted"]
[Date "1995.03.31"]
[Round "4"]
[White "Nilsson, Jonas Gosta"]
[Black "Laugesen, Kristian"]
[Result "0-1"]
[WhiteElo "1067"]
[BlackElo "1000"]
[PlyCount "130"]
[EventDate "1995.??.??"]

1. e4 e5 2. Nf3 Nc6 3. d4 exd4 4. Nxd4 Nxd4 5. Qxd4 d6 6. Nc3 Qf6 7. Be3 Qxd4
8. Bxd4 c6 9. O-O-O Be6 10. f3 Be7 11. Be2 Nf6 12. e5 dxe5 13. Bxe5 O-O 14. a3
Rad8 15. Kb1 Rxd1+ 16. Rxd1 Rd8 17. Rh1 Nd5 18. Nxd5 Rxd5 19. Bc3 Rg5 20. g4
Bd5 21. Re1 Rg6 22. f4 Rd6 23. g5 f6 24. Bb4 Re6 25. f5 Bxb4 26. axb4 Re5 27.
gxf6 gxf6 28. Rg1+ Kf8 29. Bd3 Be4 30. Bc4 Bd5 31. Bd3 b5 32. Kc1 Be4 33. Kd2
Bxd3 34. Kxd3 Rxf5 35. Ra1 Rf2 36. Rxa7 Rxh2 37. Rc7 Rh3+ 38. Kd4 Rh4+ 39. Kd3
h5 40. Rxc6 Rxb4 41. Rxf6+ Kg7 42. Rf5 Kg6 43. Re5 Rxb2 44. Re6+ Kf5 45. Rh6
Kg5 46. Re6 Rb4 47. c3 Rb1 48. Kc2 Rf1 49. Kb3 h4 50. Kb4 Rf5 51. Re8 Kg4 52.
Rg8+ Rg5 53. Rd8 h3 54. Rd4+ Kg3 55. Rd3+ Kh4 56. Rd1 h2 57. Rh1 Kh3 58. Ka5
Kg2 59. Rd1 h1=Q 60. Rxh1 Kxh1 61. Kb4 Kg2 62. Ka5 Kf3 63. Kb4 Ke3 64. Ka5 Kd3
65. Kb4 Kc2 0-1

[Event "7. Lovsprings EMT Basis 4 1995"]
[Site "Ringsted"]
[Date "1995.03.31"]
[Round "4"]
[White "Skytt, Soren"]
[Black "Rasmussen, Kasper"]
[Result "0-1"]
[WhiteElo "1000"]
[BlackElo "1000"]
[PlyCount "32"]
[EventDate "1995.??.??"]

1. d4 d5 2. Nf3 Bg4 3. Nbd2 Nc6 4. e3 e6 5. b3 Bb4 6. a3 Bc3 7. Bb2 Bxb2 8. Rb1
Bxa3 9. Ra1 Bb4 10. Be2 Bxf3 11. Bxf3 Nf6 12. O-O O-O 13. g3 e5 14. dxe5 Nxe5
15. Ra4 Bxd2 16. Qxd2 Nxf3+ 0-1

[Event "7. Lovsprings EMT Basis 4 1995"]
[Site "Ringsted"]
[Date "1995.04.28"]
[Round "5"]
[White "Andersen, Jorgen"]
[Black "Laugesen, Kristian"]
[Result "1/2-1/2"]
[WhiteElo "1151"]
[BlackElo "1000"]
[PlyCount "89"]
[EventDate "1995.??.??"]

1. e4 e5 2. Bc4 Nf6 3. d3 Bc5 4. Nf3 Nc6 5. c3 d6 6. h3 O-O 7. O-O a6 8. b4 Ba7
9. Be3 b5 10. Bd5 Nxd5 11. exd5 Ne7 12. c4 Nf5 13. Bxa7 Rxa7 14. Nc3 Bd7 15.
Qe2 Re8 16. Ne4 h6 17. Rfe1 Nh4 18. Nxh4 Qxh4 19. Qf3 f5 20. Qg3 Qxg3 21. Nxg3
Raa8 22. Rf1 Rf8 23. c5 Rad8 24. c6 Bc8 25. f4 Rde8 26. a4 g6 27. axb5 axb5 28.
Ne2 exf4 29. Nxf4 g5 30. Nh5 Re5 31. Rae1 f4 32. Rxe5 dxe5 33. Re1 Bf5 34. Rxe5
Bxd3 35. Re7 Bc4 36. Rd7 Rc8 37. Nf6+ Kf8 38. Rh7 Rd8 39. Rh8+ Ke7 40. Rxh6
Bxd5 41. Rg6 Bxc6 42. Ng8+ Kd7 43. Rxg5 Rf8 44. Kf2 f3 45. g3 1/2-1/2

[Event "7. Lovsprings EMT Basis 4 1995"]
[Site "Ringsted"]
[Date "1995.04.28"]
[Round "5"]
[White "Astrup, Knud"]
[Black "Lind, Steffen"]
[Result "1-0"]
[WhiteElo "1188"]
[BlackElo "1000"]
[PlyCount "83"]
[EventDate "1995.??.??"]

1. f4 d5 2. Nf3 Nf6 3. b3 Bf5 4. Bb2 Nbd7 5. e3 e6 6. Be2 Bb4 7. O-O O-O 8. Nh4
c6 9. Nxf5 exf5 10. Bf3 Ne4 11. d3 Nef6 12. Qe2 Re8 13. c3 Bc5 14. d4 Bb6 15.
Na3 Ne4 16. c4 Ndf6 17. cxd5 cxd5 18. Rac1 Ba5 19. Rc2 a6 20. Nb1 Qd7 21. Rfc1
Rac8 22. Bc3 Nxc3 23. Nxc3 Bxc3 24. Rxc3 Rxc3 25. Rxc3 Ne4 26. Bxe4 fxe4 27.
Qc2 Qe6 28. Rc7 Rb8 29. Qc5 b6 30. Qc2 g6 31. Rc6 Qd7 32. Rc7 Qe6 33. a4 a5 34.
Qc6 Qg4 35. Qc1 Kg7 36. Qc2 h6 37. h3 Qf5 38. Kh2 g5 39. g3 gxf4 40. gxf4 Kg6
41. Rc6+ Kh5 42. Qe2+ 1-0

[Event "7. Lovsprings EMT Basis 4 1995"]
[Site "Ringsted"]
[Date "1995.04.28"]
[Round "5"]
[White "Madsen, Kjeld"]
[Black "Christensen, Knud"]
[Result "1-0"]
[WhiteElo "1170"]
[BlackElo "1142"]
[PlyCount "87"]
[EventDate "1995.??.??"]

1. e4 e5 2. Nf3 Nc6 3. Bc4 Nf6 4. d3 Be7 5. Nc3 O-O 6. a3 a5 7. Be3 Ng4 8. Qe2
d6 9. Nd5 Nxe3 10. Qxe3 Bg4 11. Nxe7+ Qxe7 12. c3 Bxf3 13. Qxf3 Rab8 14. O-O b5
15. Bb3 b4 16. Ba4 Nd8 17. axb4 axb4 18. cxb4 Rxb4 19. b3 Ne6 20. Rfc1 Nd4 21.
Qd1 c5 22. Rc4 Rfb8 23. Rxb4 Rxb4 24. Rb1 Qe6 25. f3 f5 26. exf5 Nxf5 27. Qd2
Nd4 28. Qd1 Nf5 29. Rc1 Ne3 30. Qe2 Qh6 31. Re1 Nd5 32. Bc6 Nf4 33. Qe3 Qg6 34.
g3 Nh3+ 35. Kh1 Kf8 36. Bd7 Ng5 37. f4 Nf7 38. fxe5 Nxe5 39. Rf1+ Ke7 40. Bf5
Qh6 41. Qe2 Rxb3 42. Qe4 g6 43. Bg4 Rxd3 44. Qb7+ 1-0

[Event "7. Lovsprings EMT Basis 4 1995"]
[Site "Ringsted"]
[Date "1995.04.28"]
[Round "5"]
[White "Nikolajsen, Martin"]
[Black "Vilsgaard, Lars"]
[Result "0-1"]
[WhiteElo "1098"]
[BlackElo "1116"]
[PlyCount "146"]
[EventDate "1995.??.??"]

1. e4 e5 2. Nf3 Nc6 3. Bb5 d6 4. d4 Bd7 5. c3 exd4 6. cxd4 a6 7. Bc4 Be7 8. Bd2
Bg4 9. h3 Bh5 10. Qb3 Rb8 11. d5 Ne5 12. Nxe5 dxe5 13. Qg3 Bf6 14. Bc3 Qd6 15.
O-O Ne7 16. f4 Qc5+ 17. Kh1 Qxc4 18. Nd2 exf4 19. Rxf4 Qc5 20. Nb3 Qd6 21. Bxf6
gxf6 22. Qg7 Rf8 23. Raf1 Ng8 24. Qxh7 Bg6 25. Qh4 Qe5 26. R1f2 Qg5 27. Qh8 Qh5
28. Qxh5 Bxh5 29. Rc2 Kd7 30. g4 Bg6 31. Nc5+ Kd8 32. h4 Re8 33. Rd2 Re5 34.
Re2 a5 35. Nd3 Re8 36. Nf2 Kd7 37. Nh3 Re7 38. h5 Bh7 39. g5 Rbe8 40. gxf6 Rxe4
41. Rfxe4 Bxe4+ 42. Kh2 Bxd5 43. Rd2 c6 44. Nf4 Nxf6 45. Nxd5 Nxd5 46. Kh3 Rh8
47. Kg4 Kc7 48. Rh2 Nf6+ 49. Kf4 Rxh5 50. Re2 Kd7 51. Rd2+ Nd5+ 52. Kg4 Rh8 53.
Rf2 Ne3+ 54. Kg5 Rg8+ 55. Kf4 Nd5+ 56. Ke5 Re8+ 57. Kd4 Re7 58. Kc5 Nb4 59. Kb6
Nxa2 60. Kxb7 Nb4 61. Rd2+ Ke8+ 62. Kc8 Nd5 63. Rh2 Kf8 64. Kd8 Re8+ 65. Kd7
Nf6+ 66. Kxc6 Re6+ 67. Kc7 a4 68. Rf2 Nd5+ 69. Kd7 Rf6 70. Rd2 Nb6+ 71. Kc7 Nc4
72. Rc2 Rf4 73. Kc6 a3 0-1

[Event "7. Lovsprings EMT Basis 4 1995"]
[Site "Ringsted"]
[Date "1995.04.28"]
[Round "5"]
[White "Pettersson, Paul"]
[Black "Nilsson, Jonas Gosta"]
[Result "0-1"]
[WhiteElo "1166"]
[BlackElo "1067"]
[PlyCount "56"]
[EventDate "1995.??.??"]

1. d4 d5 2. Nf3 c5 3. dxc5 Nc6 4. c3 e5 5. e3 Bg4 6. Be2 Bxc5 7. Bb5 e4 8. h3
exf3 9. hxg4 fxg2 10. Rg1 a6 11. Ba4 Nge7 12. Nd2 Qc7 13. Nf3 h5 14. Rxg2 hxg4
15. Rxg4 Kf8 16. Ke2 Rh3 17. Qg1 g6 18. Bd2 Rxf3 19. Rh4 Rf6 20. Bc2 Rd8 21.
Qh1 Nf5 22. Bxf5 Rxf5 23. Rd1 Ke7 24. Rh7 Qe5 25. b4 Ba7 26. f3 d4 27. e4 d3+
28. Ke1 Qg3+ 0-1